Villes mondiales finissant par K - Statistiques

Statistiques générales
  • Ce quiz a été pris 76 fois
    63 depuis la dernière actualisation
  • Le résultat moyen est 8 sur 20
Statistiques - réponses
Question Ville % Correct
La statue de la Liberté est l'un de ses monuments phares New York
98%
Capitale de la Namibie Windhoek
69%
La perle de la Croatie connu pour ses remparts Dubrovnik
67%
Capitale du Groenland Nuuk
66%
Le Transsibérien relie Moscou à Vladivostok
66%
Club ukrainien dont le nom commence par Chakhtar Donetsk
59%
Ville polonaise au bord de la Baltique Gdansk
57%
Le Sundhnjukagigar est rentré en éruption et se trouve vers cette capitale Reykjavik
45%
Et celle du Kirghizistan tu l'a connaît ? Bishkek
43%
Grande ville Irlandaise dans la province de Munster Limerick
36%
Capitale près du Golfe ayant pour nom son pays Bangkok
33%
Lieu des jeux d'hiver de 1964 et 1976 Innsbruck
33%
19 minutes depuis Forbach pour rejoindre la capitale du plus petit Länder allemand Sarrebruck
33%
Dakota du Nord Bismarck
28%
D'après Wikipédia, Ngerulmud est un lieu-dit de cette ville des Palaos Melekeok
28%
Île sur laquelle se situe le Grand prix de motoGP en Indonésie Lombok
21%
Seul port a eau profonde entre la Tunisie et l'Égypte Tobrouk
14%
Ville a 43 km de Lille et 44 km de Dunkerque Hazebrouck
12%
Bataille Irakienne ayant eu lieu le 16 Octobre 2017 Kirkouk
10%
Ville de Colombie-Britannique dont le début du nom sonne comme un plat épicé Chilliwack
7%
Aucun quiz correspondant
Distribution des résultats
% des personnes avec chaque résultat
Percentile par nombre de réponses
Votre historique - résultats
Vous n’avez pas pris ce quiz depuis la dernière actualisation